000 00618nam a2200193 a 4500
001 $$a0000018820
005 20200120222018.0
008 010813s1977 mex0 gr0 000 d
090 _aAT
_bWILm
100 0 _aWilde, Oscar
245 1 3 _aUn marido ideal; El abanico de Laly Windermere /
_cOscar Wilde; traducción: Julio Gómez de la Serna.
260 _aMéxico
_bAguilar
_c1977
300 _a374p.
490 _aCrisol Literario No.47
500 _aTitulo original: An ideal husband; Lady Windermere's Fon
650 1 4 _aLITERATURA INGLESA
650 1 4 _aTEATRO INGLES
700 1 _aGómez de la Serna, Julio, tr.
999 _c1088
_d1088